000 00571cam a22002053a 4500
001 39817
003 PGUSA
005 20140828083904.0
008 120527s2012||||xxu|||||s|||||000 | eng d
040 _aPGUSA
_beng
042 _adc
100 1 _aGarnett, Richard,
_d1835-1906
245 1 4 _aThe Age of Dryden
_h[electronic resource] /
_cRichard Garnett
260 _bProject Gutenberg,
_c2012
506 _aPublic domain in the USA.
516 _aElectronic text
830 0 _aProject Gutenberg
_v39817
856 4 0 _uhttp://www.gutenberg.org/ebooks/39817
942 _cEB
999 _c269070
_d269070